Ministers admit GM trials too soon (Record no. 66304)
[ view plain ]
| 000 -LEADER | |
|---|---|
| fixed length control field | 00818cam a2200205 4500 |
| 001 - CONTROL NUMBER | |
| control field | WB3710-45 |
| 008 - FIXED-LENGTH DATA ELEMENTS--GENERAL INFORMATION | |
| fixed length control field | 000000n2001 000 0 eng u |
| 035 ## - SYSTEM CONTROL NUMBER | |
| System control number | (Sirsi) u111276 |
| 245 ## - TITLE STATEMENT | |
| Title | Ministers admit GM trials too soon |
| 260 ## - PUBLICATION, DISTRIBUTION, ETC. | |
| Date of publication, distribution, etc. | 2001 |
| 490 ## - SERIES STATEMENT | |
| Series statement | Independent |
| Volume/sequential designation | 2 March 2001, 9(1) |
| 520 ## - SUMMARY, ETC. | |
| Summary, etc. | Sources indicate some Ministers are admitting that government plans to double the size of GM crop trials do not give organic farmers adequate time to protect their crops from contamination. Government has ignored requests to leave buffer zones between test sites and organic farms. |
| 590 ## - LOCAL NOTE (RLIN) | |
| Local note | WB |
| 650 ## - SUBJECT ADDED ENTRY--TOPICAL TERM | |
| Topical term or geographic name entry element | GENETICALLY MODIFIED CROPS |
| 650 ## - SUBJECT ADDED ENTRY--TOPICAL TERM | |
| Topical term or geographic name entry element | GENETICALLY MODIFIED TRIALS |
| 650 ## - SUBJECT ADDED ENTRY--TOPICAL TERM | |
| Topical term or geographic name entry element | ORGANIC FARMS |
| 650 ## - SUBJECT ADDED ENTRY--TOPICAL TERM | |
| Topical term or geographic name entry element | Contamination |
| 9 (RLIN) | 6231 |
| 690 ## - LOCAL SUBJECT ADDED ENTRY--TOPICAL TERM (OCLC, RLIN) | |
| Topical term or geographic name as entry element | RURAL-AGRICULTURE AND FORESTRY |
| 942 ## - ADDED ENTRY ELEMENTS (KOHA) | |
| Suppress in OPAC | 0 |
| Withdrawn status | Lost status | Source of classification or shelving scheme | Damaged status | Not for loan | Home library | Current library | Shelving location | Date acquired | Total Checkouts | Full call number | Barcode | Date last seen | Copy number | Price effective from | Koha item type |
|---|---|---|---|---|---|---|---|---|---|---|---|---|---|---|---|
| Dewey Decimal Classification | London | London | News article | 06/03/2001 | WB3710-45 | 111276-1001 | 06/08/2019 | 1 | 06/08/2019 | News article |